000 01206nam0a22002531 4500
001 rc\660330
005 20260407090144.0
035 _a(NLR Aleph) 005899507
090 _a6261835
_c6261835
100 _a20031121d1986 |||y0rusy50 ca
101 0 _arus
102 _aRU
105 _aa |||||||||
200 1 _aВЦКП ННЦ
_eМногомашин. террит.-распредел. ВЦ коллект. пользования Новосиб. науч. центра
_e(Операт.-информ. материал)
_fАН СССР. Сиб. отд-ние
210 _aНовосибирск
_cБ. и.
_d1986
215 _a31 с.
_cсхем.
_d20
300 _aЗагл. обл.: Вычислительный центр коллективного пользования Новосибирского научного центра
512 0 _aВычислительный центр коллективного пользования Новосибирского научного центра
712 0 2 _aАН СССР
_bСибирское отделение
_3RU\NLR\AUTH\8814006
_9301138
801 0 _aRU
_bNLR
_gpsbo
801 1 _aRU
_bELAR
_2rusmarc
852 _aNLR
_j87-4/18439
942 _cBOOK
980 _aNB